000 00495nam a2200133Ia 4500
008 220216s9999 xx 000 0 und d
100 _aMenon C C
245 0 _aInvestigations in the chemical modification of rubberwood
260 _bIn: Proceedings of the National Seminar on Processing and Utilisation of Plantation Timbers and Bamboo, 23-24 July 1998, IPIRTI, Bangalore, India. pp.158-163.
650 _aChemical modification
650 _aKerala
650 _aWood properties
942 _cBO
999 _c48258
_d48258